| 000 | 00597nam a2200229Ia 4500 | ||
|---|---|---|---|
| 003 | OSt | ||
| 005 | 20220924113932.0 | ||
| 006 | a|||||r|||| 00| 0 | ||
| 007 | ta | ||
| 008 | 220923b |||||||| |||| 00| 0 urd d | ||
| 024 | _a313036 | ||
| 037 | _cTextual | ||
| 040 |
_aARTS _cARTS _burd |
||
| 041 |
_2urd _aurd |
||
| 082 | _aO168,1M72x, K6 | ||
| 100 |
_aLucknowi Arzoo _9170895 |
||
| 245 | 0 | _aArzoo | |
| 260 |
_aAligarh _bAnjuman Taraqqi India _c1966 |
||
| 650 | _aURDU POETRY | ||
| 942 |
_hO168,1M72x, K6 _cTEXL _2CC |
||
| 999 |
_c390999 _d390999 |
||